000 00903nam a2200217 4500
001 174446
003 ES-MaACL
005 20230906215530.0
008 100422s1995 cl |||| | spa d
100 1 _aMihovilovic, Domingo.
_9142566
245 1 1 _a"Amor y humor del teatro"
_b: de Domingo Mihovilovic (Domingo Tessier) /
_cpresenta Ernesto Livacic. El Barroco, de Roma al mestizaje americano / conferencia de Leopoldo Castedo.
246 3 0 _aEl Barroco
_b: de Roma al mestizaje americano
260 _aSantiago (Chile) :
_bAteneo, [1995]
300 _a51 p. ;
_c18 cm.
594 _aPrecede al tít.: Ateneo de Santiago, 5ª Jornada General, 1995.
610 2 4 _aAteneo de Santiago de Chile-
_vCongresos y asambleas.
_9142612
700 1 _aLivacic Gazzano, Ernesto.
_9142540
700 1 _aCastedo, Leopoldo.
_936455
710 2 _aAteneo de Santiago de Chile.
_92026
852 4 _a BA
_j2256-F-29
999 _c174446
_d174446